MARC details
| 000 -LEADER |
| campo de control de longitud fija |
01946nam a2200517 i 4500 |
| 001 - NÚMERO DE CONTROL |
| campo de control |
196058 |
| 003 - IDENTIFICADOR DE NÚMERO DE CONTROL |
| campo de control |
ES-MaACL |
| 005 - FECHA Y HORA DE LA ÚLTIMA TRANSACCIÓN |
| campo de control |
20250429063012.0 |
| 008 - DATOS DE LONGITUD FIJA--INFORMACIÓN GENERAL |
| campo de control de longitud fija |
240810s1998 sp | ||| ||spa |
| 016 7# - NÚMERO DE CONTROL DE UNA AGENCIA BIBLIOGRÁFICA NACIONAL |
| Número de control del registro |
bimoBNE19981598890 |
| Fuente |
SpMaBN |
| 016 ## - NÚMERO DE CONTROL DE UNA AGENCIA BIBLIOGRÁFICA NACIONAL |
| Número de control del registro |
BNE19989939684 |
| 016 ## - NÚMERO DE CONTROL DE UNA AGENCIA BIBLIOGRÁFICA NACIONAL |
| Número de control del registro |
BNE19990701457 |
| 016 ## - NÚMERO DE CONTROL DE UNA AGENCIA BIBLIOGRÁFICA NACIONAL |
| Número de control del registro |
BNE19989886382 |
| 016 ## - NÚMERO DE CONTROL DE UNA AGENCIA BIBLIOGRÁFICA NACIONAL |
| Número de control del registro |
BNE20002151234 |
| 016 ## - NÚMERO DE CONTROL DE UNA AGENCIA BIBLIOGRÁFICA NACIONAL |
| Número de control del registro |
BNE19995649947 |
| 017 ## - NÚMERO DE COPYRIGHT O DE DEPÓSITO LEGAL |
| Número de copyright o de depósito legal |
M 5686-1998 |
| Agencia que asigna |
Oficina Depósito Legal Madrid |
| 020 ## - NÚMERO INTERNACIONAL ESTÁNDAR DEL LIBRO |
| Número Internacional Estándar del Libro |
8470304798 |
| 035 ## - NÚMERO DE CONTROL DEL SISTEMA |
| Número de control de sistema |
(OCoLC)431949429 |
| 035 ## - NÚMERO DE CONTROL DEL SISTEMA |
| Número de control de sistema |
(SpMaBN)bimo0000915040 |
| 035 ## - NÚMERO DE CONTROL DEL SISTEMA |
| Número de control de sistema |
27591943-34bne_inst |
| 035 ## - NÚMERO DE CONTROL DEL SISTEMA |
| Número de control de sistema |
27591944-34bne_inst |
| 035 ## - NÚMERO DE CONTROL DEL SISTEMA |
| Número de control de sistema |
27591940-34bne_inst |
| 035 ## - NÚMERO DE CONTROL DEL SISTEMA |
| Número de control de sistema |
27591941-34bne_inst |
| 035 ## - NÚMERO DE CONTROL DEL SISTEMA |
| Número de control de sistema |
27591942-34bne_inst |
| 035 ## - NÚMERO DE CONTROL DEL SISTEMA |
| Número de control de sistema |
991038946589708606 |
| 040 ## - FUENTE DE CATALOGACIÓN |
| Centro catalogador/agencia de origen |
SpMaBN |
| Lengua de catalogación |
spa |
| Centro/agencia transcriptor |
SpMaBN |
| Normas de descripción |
rdc |
| 080 ## - NÚMERO DE LA CLASIFICACIÓN DECIMAL UNIVERSAL |
| Número de la Clasificación Decimal Universal |
946.0"1898"(081) Ortega y Gasset, José |
| 100 1# - ENTRADA PRINCIPAL--NOMBRE DE PERSONA |
| Nombre de persona |
Ortega y Gasset, José, |
| Fechas asociadas al nombre |
1883-1955 |
| 9 (RLIN) |
87503 |
| Término indicativo de función/relación |
Autor |
| 245 10 - MENCIÓN DEL TÍTULO |
| Título |
Textos sobre el 98 : |
| Resto del título |
antología política (1908-1914) / |
| Mención de responsabilidad, etc. |
José Ortega y Gasset ; introducción de Vicente Cacho Viu ; selección de textos Andrés de Blas. |
| 260 ## - PUBLICACIÓN, DISTRIBUCIÓN, ETC. |
| Lugar de publicación, distribución, etc. |
Madrid : |
| Nombre del editor, distribuidor, etc. |
Biblioteca Nueva, |
| Fecha de publicación, distribución, etc. |
[1998]. |
| 300 ## - DESCRIPCIÓN FÍSICA |
| Extensión |
251 p. : |
| Dimensiones |
22 cm. |
| 336 ## - TIPO DE CONTENIDO |
| Fuente |
rdacontent |
| Término de tipo de contenido |
texto |
| 337 ## - TIPO DE MEDIO |
| Fuente |
rdamedia |
| Nombre/término del tipo de medio |
sin mediación |
| 338 ## - TIPO DE SOPORTE |
| Fuente |
rdacarrier |
| Nombre/término del tipo de soporte |
volumen |
| 490 1# - MENCIÓN DE SERIE |
| Mención de serie |
Cien años después, 98 ; |
| Designación de volumen o secuencia |
9 |
| 651 #4 - PUNTO DE ACCESO ADICIONAL DE MATERIA--NOMBRE GEOGRÁFICO |
| Nombre geográfico |
España- |
| Subdivisión general |
Historia- |
| Subdivisión cronológica |
1898 |
| Fuente del encabezamiento o término |
embne |
| 9 (RLIN) |
8272 |
| 700 ## - ENTRADA AGREGADA--NOMBRE PERSONAL |
| Nombre de persona |
Blas Guerrero, Andrés de, |
| Fechas asociadas al nombre |
1947- |
| 9 (RLIN) |
238071 |
| Término indicativo de función/relación |
Editor literario |
| 700 1# - ENTRADA AGREGADA--NOMBRE PERSONAL |
| Nombre de persona |
Cacho Viu, Vicente |
| 9 (RLIN) |
33360 |
| Término indicativo de función/relación |
Autor de introducción |
| 830 #0 - PUNTO DE ACCESO ADICIONAL DE SERIE-TÍTULO UNIFORME |
| 9 (RLIN) |
238070 |
| Título uniforme |
Cien años después, 98 ; |
| Designación de volumen o secuencia |
9 |
| 852 ## - LOCALIZACIÓN |
| Ubicación |
ES-MaACL |
| Sublocalización o colección |
R.153479 |
| Ubicación en estantería |
Depósito J |
| Número de control de estantería |
N-9185 |
| Donativo/Legado |
Donación: Editorial |
| Encuadernación |
Encuadernación cartoné con sobrecubierta |
| itemnumber |
205090 |
| 883 1# - PROCEDENCIA DE METADATOS |
| Proceso de creación |
Cotejo registros de fondos y signatura-ítem |
| Fecha de creación |
20220521 |
| 942 ## - ELEMENTOS DE ENTRADA SECUNDARIOS (KOHA) |
| Tipo de ítem Koha |
Libro impreso |
| Suprimir en OPAC |
No |